Don Segundo Sombra /

Ricardo Güiraldes (1886-1927), escritor argentino. Formó parte del grupo de la revista Martín Fierro. Dirigió junto a José Luis Borges la revista Proa en su segunda época. Obra: en poesía El cencerro de cristal (1915); Poemas solitarios (1928) y Poemas místicos (1928); en narrativa Cuentos de muerte...

ver descrição completa

Na minha lista:
Detalhes bibliográficos
Autor principal: Güiraldes, Ricardo (autor)
Formato: Livro
Idioma:espanhol
Publicado em: México : Porrúa, 1972, c1971
Edição:2a edición
Colecção:(Sepan Cuántos ; 169)
Assuntos:
Tags: Adicionar Tag
Sem tags, seja o primeiro a adicionar uma tag!

MARC

LEADER 00000nam^a2200000^a^4500
001 000014551
005 20250521000000.0
009 20260310083947.805
037 |a Acervo ITESO - Biblioteca 
041 |a ESP 
082 |a 082.  |b POR V. 169 
100 |a Güiraldes, Ricardo  |e (autor) 
240 1 1 |a [Don Segundo Sombra] 
245 1 0 |a Don Segundo Sombra /  |c R. Güiraldes ; pról. de M. Edmée Alvarez. 
250 |a 2a edición 
264 4 |a México :  |b Porrúa,  |c 1972, c1971 
300 |a XXII, 129 p. 
336 |a texto  |b txt  |2 rdacontenido 
337 |a sin mediación  |b n  |2 rdamedio 
338 |a volumen  |b nc  |2 rdasoporte 
440 1 |a (Sepan Cuántos ;  |v 169) 
520 |a Ricardo Güiraldes (1886-1927), escritor argentino. Formó parte del grupo de la revista Martín Fierro. Dirigió junto a José Luis Borges la revista Proa en su segunda época. Obra: en poesía El cencerro de cristal (1915); Poemas solitarios (1928) y Poemas místicos (1928); en narrativa Cuentos de muerte y de sangre (1915); su primer novela Raucho (1917); Xaimaca (1919); Rosaura (1922); Don Segundo Sombra (1926) novela de fondo autobiográfico y el libro póstumo El sendero (1932). Su obra logró que el folklorismo trascendiera sus límites locales: el gaucho y La Pampa se sumaron al bagaje literario. En sus últimos años experimentó la influencia del pensamiento oriental, sobre todo del hinduismo, y evolucionó hacia formas de espiritualidad. 
649 |a XX 
650 |a Gauchos en la Literatura 
650 |a Novela Argentina 
650 |a Literatura Argentina -  |y Siglo XX 
650 |a Zonas Rurales en la Literatura 
910 |a Fondo General 
920 |a Impresos - Libros 
930 |a Colección General 
940 |a Literatura 
905 |a 101 
901 |a 0145510100  |b IT1  |c LIT  |i 014551  |u 20250521 
902 |a https://opac.biblio.iteso.mx/vufind/Record/000014551